000 01242namaa2200289 i 4500
003 EG-GICUC
005 20260513104124.0
008 260513s1987 le ||||jr|||| 001 0 ara d
040 _aEG-GiCUC
_bara
_cEG-GiCUC
_dEG-GiCUC
_erda
082 0 4 _221
_a412
_bA537
092 0 4 _221
_a412
_bA537
099 _a412 A537
100 1 _aابن الانبارى، محمد بن القاسم،
_d885-940?
_eمؤلف.
245 1 0 _aكتاب الأضداد /
_cتأليف محمد بن القاسم الأنبارى ؛ تحقيق محمد أبو الفضل ابراهيم
264 _aبيروت (لبنان) :
_bالمكتبة العصرية،
_c1987
300 _a517 صفحة ؛
_c24 سم
_bإيضاحيات، صور، مثيليات ؛ Illustrations
336 _2rdacontent
_atext
337 _2rdamedia
_aUnmediated
338 _2rdacarrier
_avolume
504 _aيشتمل على ارجاعات ببليوجرافية وفهارس.
541 _aد. / جابر عصفور ؛
_bالقاهرة ؛
_cإهداء ؛
_d2024.
650 1 7 _aاللغة العربية
_xالمترادفات والاضداد
_2qrmak
651 1 _2qrmak
700 1 _aابراهيم، محمد ابو الفضل،
_eمحقق.
905 _aAmira
942 _2ddc
_cBK
_e21
_n0
999 _c180117
_d180117